000 00369nam a2200145Ia 4500
008 230627s9999 xx 000 0 und d
020 _a81-7012-635-5
041 _amar
082 _a345.05
_bKEL
100 _aKelkar R.V
245 _aLectures On Criminal Procedure
250 _a3ed.
260 _aLucknow
_bEastern Book Company
_c1998
700 _a Pillani K.N.C.,
999 _c687272
_d687272